Risultati dell'Italia ai Mondiali - Spagna 1982 - Statistics

Statistiche generali
  • Questo quiz è stato fatto 17 volte
  • Il punteggio medio è 5 su 7
Statistiche sulle risposte
Hint Risposta % Corretto
Polonia - Italia 0-2
81%
Italia - Brasile 3-2
81%
Italia - Camerun 1-1
75%
Italia - Germania Ovest 3-1
75%
Italia - Perù 1-1
69%
Italia - Argentina 2-1
69%
Italia - Polonia 0-0
44%
Nessun quiz corrispondente trovato
Distribuzione punteggi
Percentuale di utenti per punteggio
Percentile per numero di risposta
I tuoi punteggi nel tempo
Non hai fatto questo quiz